Manon Lescaut : (Record no. 165060)

MARC details
000 -LEADER
campo de control de longitud fija 00786nam a22001815i 4500
001 - NÚMERO DE CONTROL
campo de control 165060
003 - IDENTIFICADOR DE NÚMERO DE CONTROL
campo de control ES-MaACL
005 - FECHA Y HORA DE LA ÚLTIMA TRANSACCIÓN
campo de control 20230906213047.0
008 - DATOS DE LONGITUD FIJA--INFORMACIÓN GENERAL
campo de control de longitud fija 050809s1856 fr | |||||||| ||fre d
100 1# - ENTRADA PRINCIPAL--NOMBRE DE PERSONA
Nombre de persona Scribe, Eugène.
9 (RLIN) 104966
245 10 - MENCIÓN DEL TÍTULO
Título Manon Lescaut :
Resto del título opéra-comique en trois actes /
Mención de responsabilidad, etc. paroles de Eugène Scribe ; musique de M. Auber.
260 ## - PUBLICACIÓN, DISTRIBUCIÓN, ETC.
Lugar de publicación, distribución, etc. Paris :
Nombre del editor, distribuidor, etc. Michel Lévy Frères,
Fecha de publicación, distribución, etc. 1856 (
Fabricante Imp. de Vialat et C.)
300 ## - DESCRIPCIÓN FÍSICA
Extensión 88 p. ;
Dimensiones 19 cm.
500 ## - NOTA GENERAL
Nota general Repésenté pour la première fois, à Paris, sur le théatre impérial de l'Opéra-Comique, le 23 février 1856.
650 #4 - PUNTO DE ACCESO ADICIONAL DE MATERIA--TÉRMINO DE MATERIA
Término de materia o nombre geográfico como elemento de entrada Óperas-
Subdivisión de forma Libretos.
9 (RLIN) 137584
700 1# - ENTRADA AGREGADA--NOMBRE PERSONAL
Nombre de persona Auber, Daniel-François-Esprit.
9 (RLIN) 23789
852 4# - LOCALIZACIÓN
Ubicación ES-MaACL
Número de control de estantería T-728-F-1
Nota libre - Enc. hol., falto de cub. original
-- - Enc. en un vol. facticio
Holdings
Estatus retirado Estado de pérdida Estado de daño No para préstamo Colección Biblioteca de origen Biblioteca actual Ubicación en estantería Fecha de adquisición Total de préstamos Signatura topográfica completa Código de barras Visto por última vez Precio de reemplazo Tipo de ítem Koha
        Colección de folletos Biblioteca del Ateneo de Madrid Biblioteca del Ateneo de Madrid Depósito folletos 17/01/2008   T-728-F-1 1173050 23/02/2023 23/02/2023 Folleto